Qui a dit ça ? - Politique français - Statistiques

Statistiques générales
  • Ce quiz a été pris 604 fois
  • Le résultat moyen est 14 sur 15
Statistiques - réponses
Hint Réponse % Correct
Parce que c’est notre projet ! Emmanuel Macron
99%
C'est de la poudre de perlimpinpin Emmanuel Macron
99%
Non, j'ai pas d'amis Emmanuel Macron
99%
La république c’est moi ! Jean Luc Mélenchon
99%
Moi ? Moi ?! Moi?! Mais qui elle est celle là ? Jean Luc Mélenchon
99%
Ils sont là, dans les campagnes, dans les villes, ils sont sur les réseaux sociaux Marine le Pen
99%
Jeanne, au secours ! Jean-Marie Le Pen
97%
Be you, be proud of you because you can be do, what we want to do François Hollande
96%
Oooh comme c'est bizarre ! Eric Zemmour
89%
Ce soir, je ne suis pas le 1er ministre, et vous n'êtes pas le Président de la République Jacques Chirac
88%
Mais vous avez tout à fait raison monsieur le 1er ministre François Mitterrand
84%
Vous m'avez manqué ! Valérie Pecresse
76%
Mais comme Marine Le Pen est Bretonne, j'imagine qu'elle aime le quatre-quarts et elle va en bouffer beaucoup ! Valérie Pecresse
76%
Je n'imagine pas plus grand honneur et plus grand bonheur que de présider un pays dans lequel il y a plus de fromages que de jours dans l’année Valérie Pecresse
76%
Mais vous fumez monsieur ! Nicolas Sarkozy
75%
Aucun quiz correspondant
Distribution des résultats
% des personnes avec chaque résultat
Percentile par nombre de réponses
Votre historique - résultats
Vous n’avez pas pris ce quiz